Discovering Tutankhamun : from Howard Carter to the Golden City /

"Penned by one of the world's best known Egyptologists, former Egyptian minister of state for antiquities Zahi Hawass, who was personally involved in research into the enigmatic young pharaoh, this revised and updated edition of Discovering Tutankhamun reviews the current state of our know...

وصف كامل

محفوظ في:

المؤلف الرئيسي: Hawass, Zahi A. (مؤلف, http://id.loc.gov/vocabulary/relators/aut)

مؤلفون آخرون: Gabolde, Marc (writer of foreword)

التنسيق: كتاب

اللغة: English

منشور في: Cairo ; New York : AUC Press : Semmel Exhibitions, 2025.

الطبعة: Revised edition.

الموضوعات:

الوسوم: إضافة وسم

لا توجد وسوم, كن أول من يضع وسما على هذه التسجيلة!

رقم الطلب: DT87.5 .H3756 2025

LEADER 05047cam a22005058i 4500
001 in00024282789
003 DLC
005 20260504084734.0
007 t
008 260504s2025 ua b 001 0 eng c
010 |a  2025031448 
020 |a 9781649034632  |q trade paperback 
040 |a ICU/DLC  |b eng  |e rda  |c DLC  |d DLC-MRC 
042 |a pcc 
043 |a f-ua---  |0 http://id.loc.gov/vocabulary/geographicAreas/f-ua 
050 0 0 |a DT87.5  |b .H3756 2025 
100 1 |a Hawass, Zahi A.  |e author  |4 aut  |4 http://id.loc.gov/vocabulary/relators/aut  |0 http://id.loc.gov/authorities/names/nr90025829  |1 http://id.loc.gov/rwo/agents/nr90025829 
245 1 0 |a Discovering Tutankhamun :  |b from Howard Carter to the Golden City /  |c Zahi Hawass ; foreword by Marc Gabolde, University Paul-Valéry. 
250 |a Revised edition. 
263 |a 2510 
264 1 |a Cairo ;  |a New York :  |b AUC Press :  |b Semmel Exhibitions,  |c 2025. 
300 |a 317 pages :   |b illustrations (chiefly color) ;   |c 29 cm. 
336 |a text  |b txt  |2 rdacontent  |0 http://id.loc.gov/vocabulary/contentTypes/txt 
337 |a unmediated  |b n  |2 rdamedia  |0 http://id.loc.gov/vocabulary/mediaTypes/n 
338 |a volume  |b nc  |2 rdacarrier  |0 http://id.loc.gov/vocabulary/carriers/nc 
500 |a "A book for the centennial of the discovery." 
504 |a Includes bibliographical references and index. 
505 0 |a Foreword / Marc Gabolde -- Centennial of the discovery of the tomb of Tutankhamun -- Ancient Egypt : a timeline -- The golden age of Egypt : the Eighteenth Dynasty -- Religion and afterlife -- Robbers in the Valley of the Kings -- The tomb and its treasures -- Tutankhamun's mummy -- DNA, CT scans, and x-ray tests -- The discovery of the family of Tutankhamun -- From Howard Carter to the Golden City -- The curse of Tutankhamun -- Tutmania -- Conclusion -- Protecting the Valley of the Kings. 
520 |a "Penned by one of the world's best known Egyptologists, former Egyptian minister of state for antiquities Zahi Hawass, who was personally involved in research into the enigmatic young pharaoh, this revised and updated edition of Discovering Tutankhamun reviews the current state of our knowledge about the life, death, and burial of Tutankhamun in light of the latest investigations and newest technology, including the CT scans that finally revealed the identity of Tutankhamun's mother. Hawass places the king in the broader context of Egyptian history, unraveling the intricate and much debated relationship between various members of the royal family, and the circumstances surrounding the turbulent Amarna period. He also succinctly explains the religious background and complex beliefs in the afterlife that defined and informed many features of Tutankhamun's tomb. The history of the exploration of the Valley of the Kings is discussed, as well as the background and mutual relationships of the main protagonists. The tomb and its most important treasures are described and illustrated, and the modern X-raying and CT-scanning of the king's mummy are presented in detail. The description of the latest DNA examination of the mummies of Tutankhamun and members of his family, much of which was never made known to the public, is one of the most absorbing parts of the book and demonstrates that scientific methods may produce results that cannot be paralleled by traditional Egyptology. This updated and revised edition recounts untold stories from 1922 about Howard Carter and his momentous discovery of Tutankhamun's tomb. It also includes a whole new chapter dedicated to the Golden City, which was founded by Amenhotep III, shedding new light on our knowledge of Thebes' landscape in the reign of Tutankhamun and the end of the New Kingdom."-- Provided by publisher. 
534 |3 Originally published  |a Cairo : New York : The American University in Cairo Press, 2013 under title Discovering Tutankhamun : from Howard Carter to DNA. 
600 0 0 |a Tutankhamen,  |c King of Egypt  |1 http://id.loc.gov/rwo/agents/n79066005 
600 0 0 |a Tutankhamen,  |c King of Egypt  |x Tomb 
600 0 0 |a Tutankhamen,  |c King of Egypt  |x Family 
650 0 |a Excavations (Archaeology)  |z Egypt  |z Valley of the Kings  |0 http://id.loc.gov/authorities/subjects/sh2009125210 
651 0 |a Egypt  |x Civilization  |y To 332 B.C.  |0 http://id.loc.gov/authorities/subjects/sh85041266 
651 0 |a Egypt  |x Antiquities  |0 http://id.loc.gov/authorities/subjects/sh85041263 
700 1 |a Gabolde, Marc  |e writer of foreword  |4 http://id.loc.gov/vocabulary/relators/wfw  |0 http://id.loc.gov/authorities/names/no2001099284  |1 http://id.loc.gov/rwo/agents/no2001099284 
758 |1 http://id.loc.gov/resources/instances/in00024282789 
758 |4 http://id.loc.gov/ontologies/bibframe/instanceOf  |1 http://id.loc.gov/resources/works/in00024282789 
884 |a DLC bibframe2marc v2.10-dev  |g 20250718  |q DLC  |u https://github.com/lcnetdev/bibframe2marc/releases/tag/v2.10-dev 
901 |a reviewed 
906 |a 7  |b cbc  |c orignew  |d 1  |e ecip  |f 20  |g y-gencatlg 
942 |2 lcc  |c BK 
955 |b ICU 2025-07-08 
999 |c 62221  |d 62221